| 000 | 01090cam a22002411 4500 | ||
|---|---|---|---|
| 001 | e 42000386 | ||
| 003 | DLC | ||
| 005 | 20260227111231.0 | ||
| 008 | 780215s1935 xx 000 0 eng | ||
| 010 | _ae 42000386 | ||
| 035 | _a(OCoLC)3639740 | ||
| 040 |
_aDLC _cNjMD _dDLC |
||
| 042 | _apremarc | ||
| 050 | 0 | 0 |
_aHX89 _b.C45 |
| 110 | 2 | _aChamber of Commerce of the United States of America. | |
| 245 | 1 | 0 |
_aCommunist propaganda among American youth; _ban example of material used. _cReproduction made by Chamber of Commerce of the United States, Washington, D.C. |
| 260 |
_a[Washington, _c1935] |
||
| 300 |
_a39p. _c23cm. |
||
| 500 | _a"There is reproduced in this pamphlet the text of 'Young communists in action,' a so-called 'Handbook for young communists,' compiled by Lewis Miller and issued by the Educational department of the Young Communist League, District 13, which embraces California, Arizona, and Nevada."--p.[2] | ||
| 650 | 0 |
_aCommunism _zUnited States. |
|
| 610 | 2 | 0 | _aYoung Communist League of the U.S. |
| 700 | 1 |
_aMiller, Lewis, _ecomp. _tYoung communists in action. |
|
| 999 |
_c21907 _d21907 |
||